| 000 | 00449nam a2200145 i 4500 | ||
|---|---|---|---|
| 001 | 30090 | ||
| 003 | ES-MaACL | ||
| 007 | t| | ||
| 008 | 030123s1984 sp ||||1| spa d | ||
| 100 | 1 |
_aBarroso Asenjo, Porfirio. _926067 |
|
| 245 | 1 | 0 |
_aCódigos deontológicos de los medios de comunicación / _cPorfirio Barroso Asenjo. |
| 260 |
_a[Pamplona] : _bEdiciones Paulinas, _c[1984] |
||
| 300 |
_a428 p. ; _c24 cm. |
||
| 852 |
_aES-MaACL _jL-7408 _bR.108192 |
||
| 999 |
_c30090 _d30090 |
||